000 00620nam a22001937a 4500
003 OSt
005 20251119110429.0
008 251119b |||||||| |||| 00| 0 eng d
020 _a971-685-741-2
040 _aDWC-Main lib.
_cOC
082 _aFil. 371.102 S161m 2012
100 _aSalandanan, Gloria G.
245 _aMethods of teaching/
_cGloria G. Salandanan
260 _aManila :
_bLorimar Publishing,
_cc2012.
300 _avii, 190 pages :
_bb & w illustrations ;
_c25 cm.
504 _aIncludes references.
760 _bSecond Revised Edition
942 _2ddc
_cBK - FIL
_eSecond Revised Edition
_hFil.
_n0
999 _c5820
_d5820